<?xml version="1.0" encoding="UTF-8"?><?xml-stylesheet type="text/xsl" href="static/style.xsl"?><OAI-PMH xmlns="http://www.openarchives.org/OAI/2.0/" xmlns:xsi="http://www.w3.org/2001/XMLSchema-instance" xsi:schemaLocation="http://www.openarchives.org/OAI/2.0/ http://www.openarchives.org/OAI/2.0/OAI-PMH.xsd"><responseDate>2026-06-01T14:49:21Z</responseDate><request verb="GetRecord" identifier="oai:riuma.uma.es:10630/45091" metadataPrefix="marc">https://riuma.uma.es/rest/oai/request</request><GetRecord><record><header><identifier>oai:riuma.uma.es:10630/45091</identifier><datestamp>2026-02-03T13:11:58Z</datestamp><setSpec>com_10630_1685</setSpec><setSpec>col_10630_38055</setSpec></header><metadata><record xmlns="http://www.loc.gov/MARC21/slim" xmlns:dcterms="http://purl.org/dc/terms/" xmlns:doc="http://www.lyncode.com/xoai" xmlns:xsi="http://www.w3.org/2001/XMLSchema-instance" xsi:schemaLocation="http://www.loc.gov/MARC21/slim http://www.loc.gov/standards/marcxml/schema/MARC21slim.xsd">
   <leader>00925njm 22002777a 4500</leader>
   <datafield ind2=" " ind1=" " tag="042">
      <subfield code="a">dc</subfield>
   </datafield>
   <datafield ind2=" " ind1=" " tag="720">
      <subfield code="a">Lorenzale Pérez del Pulgar, María Hong</subfield>
      <subfield code="e">author</subfield>
   </datafield>
   <datafield ind2=" " ind1=" " tag="260">
      <subfield code="c">2026</subfield>
   </datafield>
   <datafield ind2=" " ind1=" " tag="520">
      <subfield code="a">My dear diary es un álbum ilustrado desarrollado como Trabajo Final de Grado en Bellas Artes de la Universidad de Málaga. Concebido en formato libro, este proyecto artístico y académico se enmarca en el terreno de la autoficción y la narrativa gráfica, y parte de una experiencia personal. A través del dibujo reflexiono sobre mis lugares seguros —en especial los videojuegos— y sobre el vínculo emocional que he construido con ellos a lo largo de mi vida.
Desde pequeña, los videojuegos fueron una forma de desconectar de la realidad, pero durante la adolescencia esta relación cobró un significado más profundo. Marcada por el ciberacoso, la ansiedad y la depresión, se convirtieron en un refugio emocional y una vía de escape ante la negatividad. En ese contexto, nace Mei, mi alter ego y narradora del proyecto: una streamer que, desde la plataforma Twitch, ha logrado construir una comunidad en la que sentirse en paz. A través de sus retransmisiones en la plataforma Twitch, Mei crea un espacio seguro, convirtiendo los videojuegos en algo más que un simple pasatiempo. A través de tres capítulos diferenciados, el libro combina lenguaje visual y textual para articular un relato coming-of-age que recorre la infancia, el trauma, la evasión, el redescubrimiento personal y la pasión por el arte. Cada capítulo adopta una estética propia para reflejar las distintas emociones y etapas vitales de la protagonista, permitiendo que la forma acompañe al fondo de manera coherente. Este proyecto me ha servido, no solo como medio de expresión, sino también como herramienta de sanación. He aprendido a tomar distancia, a transformar experiencias dolorosas en una narración compartida, y a celebrar los espacios —reales o imaginarios—que nos permiten ser, sentir y reconstruirnos.</subfield>
   </datafield>
   <datafield ind1="8" ind2=" " tag="024">
      <subfield code="a">https://hdl.handle.net/10630/45091</subfield>
   </datafield>
   <datafield tag="653" ind2=" " ind1=" ">
      <subfield code="a">Grado en Bellas Artes</subfield>
   </datafield>
   <datafield tag="653" ind2=" " ind1=" ">
      <subfield code="a">Arte</subfield>
   </datafield>
   <datafield tag="653" ind2=" " ind1=" ">
      <subfield code="a">Bellas Artes - Trabajos Fin de Grado</subfield>
   </datafield>
   <datafield ind2="0" ind1="0" tag="245">
      <subfield code="a">My dear diary</subfield>
   </datafield>
</record>
</metadata></record></GetRecord></OAI-PMH>